| 000 | 00569nam a2200217 a 4500 | ||
|---|---|---|---|
| 001 | 0001-2439 | ||
| 003 | ELIB.Books | ||
| 008 | 191015 2010 eng | ||
| 020 | _a0664254683 | ||
| 092 |
_a176 _bPet |
||
| 100 | _aPeters, Ted. | ||
| 245 | _aFor the Love of Children | ||
| 260 |
_aLouisville _bWestminster John Knox Press _c1996 |
||
| 300 |
_a227 _c23 Cm |
||
| 650 | _aChildren, Religious Aspects | ||
| 856 |
_nKBTS Library _uKBTS Elib |
||
| 942 |
_2ddc _cBK |
||
| 990 | _a1 | ||
| 998 |
_aEnglishbooks.elf _ccat _e2019-10-15 |
||
| 999 |
_c12439 _d12439 |
||